[Event "SWE-chT 9596"]
[Site "Sweden"]
[Date "1996.??.??"]
[Round "?"]
[White "Moreau, Teodor"]
[Black "Jonsson, Hans"]
[Result "1/2-1/2"]
[WhiteElo "2200"]
[BlackElo "2395"]
[PlyCount "63"]
[EventDate "1995.??.??"]
[EventType "team"]
[EventRounds "9"]
[EventCountry "SWE"]
[SourceTitle "EXT 1998"]
[Source "ChessBase"]
[SourceDate "1997.11.17"]
[SourceVersion "1"]
[SourceVersionDate "1997.11.17"]
[SourceQuality "1"]

1. d4 Nf6 2. c4 g6 3. Nc3 Bg7 4. e4 d6 5. Be2 0-0 6. Nf3 e5 7. 0-0 Na6 8. Be3 Ng4 9. Bg5 Qe8 10. dxe5 dxe5 11. h3 h6 12. Bd2 Nf6 13. Be3 c6 14. Qd6 Nh5 15. c5 Nf4 16. Bxa6 bxa6 17. Bxf4 exf4 18. Qxf4 Qe7 19. Qd6 Qb7 20. e5 Qxb2 21. Ne4 Bf5 22. Nf6+ Bxf6 23. Qxf6 Be4 24. Rfe1 Rae8 25. Rad1 Re6 26. Qf4 Bxf3 27. gxf3 Rfe8 28. Rd7 R8e7 29. Rxe7 Rxe7 30. Qe4 Qxa2 31. Qxc6 Rxe5 32. Rxe5 1/2-1/2

[Event "Lloyds Bank op 18th"]
[Site "London"]
[Date "1994.??.??"]
[Round "6"]
[White "Barua, Dibyendu"]
[Black "Jonsson, Hans"]
[Result "1-0"]
[WhiteElo "2495"]
[BlackElo "2390"]
[PlyCount "95"]
[EventDate "1994.08.??"]
[EventType "swiss"]
[EventRounds "10"]
[EventCountry "ENG"]
[SourceTitle "EXT 2000"]
[Source "ChessBase"]
[SourceDate "1999.11.16"]
[SourceVersion "1"]
[SourceVersionDate "1999.11.16"]
[SourceQuality "1"]

1. e4 c5 2. Nc3 Nc6 3. g3 g6 4. Bg2 Bg7 5. d3 d6 6. Be3 Rb8 7. Qd2 e6 8. Nd1 b5 9. f4 Nge7 10. Nf3 Nd4 11. Nh4 b4 12. 0-0 0-0 13. c3 bxc3 14. bxc3 Nb5 15. a4 Nc7 16. Qc2 Bd7 17. Nb2 Na6 18. Nc4 Qc7 19. Nf3 Nc6 20. Nfd2 Ne7 21. Rfc1 Bc6 22. Na3 Qd7 23. Nb5 d5 24. Rcb1 d4 25. cxd4 Bxb5 26. axb5 Bxd4 27. Bxd4 Qxd4+ 28. Kh1 Nb4 29. Qc4 Qxd3 30. Qxd3 Nxd3 31. Rxa7 Nc8 32. Rc7 Nb6 33. e5 Rfc8 34. Rc6 Nd5 35. Rxc8+ Rxc8 36. Nc4 Rb8 37. Nd6 c4 38. Bf1 Ne3 39. Nxc4 Nxf1 40. Kg1 Nxh2 41. Kxh2 g5 42. fxg5 Kg7 43. b6 Kg6 44. Rb5 Kxg5 45. b7 Nc5 46. Rxc5 Rxb7 47. Nd6 Rd7 48. Rc8 1-0

[Event "SWE-chT 9394"]
[Site "Sweden"]
[Date "1994.??.??"]
[Round "9"]
[White "Cramling, Pia"]
[Black "Jonsson, Hans"]
[Result "0-1"]
[WhiteElo "2525"]
[BlackElo "2340"]
[PlyCount "82"]
[EventDate "1993.??.??"]
[EventType "team"]
[EventRounds "9"]
[EventCountry "SWE"]
[SourceTitle "EXT 2000"]
[Source "ChessBase"]
[SourceDate "1999.11.16"]
[SourceVersion "1"]
[SourceVersionDate "1999.11.16"]
[SourceQuality "1"]

1. d4 Nf6 2. c4 g6 3. Nc3 Bg7 4. e4 d6 5. h3 0-0 6. Bg5 Qe8 7. Nf3 e5 8. dxe5 dxe5 9. Be2 Na6 10. 0-0 Nc5 11. Qc2 Ne6 12. Be3 Nh5 13. Rfe1 f5 14. Rad1 c6 15. Na4 fxe4 16. Qxe4 Nef4 17. c5 Bf5 18. Qb4 Bxh3 19. gxh3 Nxe2+ 20. Rxe2 Rxf3 21. Qxb7 Rxh3 22. Qd7 Rh4 23. Qxe8+ Rxe8 24. Nc3 Rg4+ 25. Kh2 Rf8 26. Kh3 Rb4 27. Red2 Nf4+ 28. Kh2 Ne6 29. a3 Rg4 30. Rd6 Nd4 31. Kh3 h5 32. Rd7 Rf3+ 33. Kh2 Nf5 34. Rxa7 e4 35. Rd8+ Kh7 36. Rdd7 g5 37. Bd4 Nxd4 38. Rxg7+ Kh8 39. Rgf7 Rxf7 40. Rxf7 Nf3+ 41. Kh3 Rg1 0-1

[Event "SWE-ch"]
[Site "Haparanda"]
[Date "1994.??.??"]
[Round "4"]
[White "Engqvist, Thomas"]
[Black "Jonsson, Hans"]
[Result "1/2-1/2"]
[WhiteElo "2440"]
[BlackElo "2390"]
[PlyCount "113"]
[EventDate "1994.??.??"]
[EventType "tourn"]
[EventRounds "13"]
[EventCountry "SWE"]
[EventCategory "6"]
[SourceTitle "EXT 2000"]
[Source "ChessBase"]
[SourceDate "1999.11.16"]
[SourceVersion "1"]
[SourceVersionDate "1999.11.16"]
[SourceQuality "1"]

1. Nf3 g6 2. c4 Bg7 3. d4 Nf6 4. g3 0-0 5. Bg2 d6 6. 0-0 Nbd7 7. Nc3 e5 8. h3 Re8 9. e4 exd4 10. Nxd4 a6 11. Re1 Rb8 12. Bf4 Ne5 13. b3 Bd7 14. a4 Qc8 15. Kh2 h5 16. Nd5 b5 17. cxb5 axb5 18. a5 c5 19. Nxf6+ Bxf6 20. Ne2 Qc7 21. Nc3 Be6 22. Nd5 Bxd5 23. Qxd5 Ra8 24. Bd2 Nc6 25. e5 Nxe5 26. Qxa8 Rxa8 27. Bxa8 d5 28. Kg2 Nc6 29. Ra2 c4 30. bxc4 dxc4 31. a6 Bd4 32. Bf4 Qd7 33. Be3 Bxe3 34. Rxe3 b4 35. Kh2 b3 36. Rae2 Na7 37. Re8+ Kg7 38. R8e7 Qd4 39. R7e4 Qc5 40. Re5 Qb6 41. Re7 b2 42. Bd5 Qf6 43. Rb7 c3 44. Ba2 Qf3 45. Rxa7 Qxe2 46. Rxf7+ Kh6 47. a7 Qa6 48. Bb1 Qa4 49. h4 Qa6 50. Bd3 Qa2 51. Be4 Qxf7 52. a8Q Qxf2+ 53. Kh3 Qf1+ 54. Kh2 Qf2+ 55. Kh3 Qf1+ 56. Kh2 Qf2+ 57. Kh3 1/2-1/2

[Event "SWE-chT 9394"]
[Site "Sweden"]
[Date "1994.??.??"]
[Round "5"]
[White "Eriksson, Mats"]
[Black "Jonsson, Hans"]
[Result "1/2-1/2"]
[WhiteElo "2225"]
[BlackElo "2340"]
[PlyCount "114"]
[EventDate "1993.??.??"]
[EventType "team"]
[EventRounds "9"]
[EventCountry "SWE"]
[SourceTitle "EXT 2000"]
[Source "ChessBase"]
[SourceDate "1999.11.16"]
[SourceVersion "1"]
[SourceVersionDate "1999.11.16"]
[SourceQuality "1"]

1. d4 Nf6 2. Bg5 e6 3. Nf3 h6 4. Bh4 c5 5. e3 b6 6. Bd3 Bb7 7. 0-0 Be7 8. Nbd2 0-0 9. c3 d6 10. Qe2 Nbd7 11. a4 a6 12. Rfc1 Re8 13. Rab1 e5 14. dxe5 dxe5 15. Bxf6 Bxf6 16. Be4 Qc7 17. Rd1 Bxe4 18. Nxe4 Be7 19. Qc4 Nf6 20. Nxf6+ Bxf6 21. e4 Red8 22. b4 Rxd1+ 23. Rxd1 Rd8 24. Rxd8+ Qxd8 25. bxc5 bxc5 26. g3 Qd6 27. Kg2 g6 28. Ne1 Kg7 29. h4 h5 30. Nc2 Bd8 31. Ne3 Ba5 32. Nd5 Bd8 33. Qb3 Qe6 34. f3 Qd6 35. Qb7 Ba5 36. Qb3 Bd8 37. Qc4 Ba5 38. Kf2 f5 39. Qb3 Kh6 40. Kg2 Bd8 41. Qb7 fxe4 42. fxe4 Qe6 43. Qb8 Qg4 44. Kf2 Qd1 45. Ne3 Qd2+ 46. Kf3 Bf6 47. Qf8+ Bg7 48. Qxc5 Kh7 49. Qc4 Bh6 50. Nf1 Qd1+ 51. Kg2 a5 52. Kf2 Qc2+ 53. Kg1 Qd1 54. Qc7+ Kg8 55. Qb6 Kh7 56. Qc7+ Kg8 57. Qb6 Kh7 1/2-1/2

[Event "SWE-ch"]
[Site "Haparanda"]
[Date "1994.??.??"]
[Round "6"]
[White "Jonsson, Hans"]
[Black "Astrom, Robert"]
[Result "0-1"]
[WhiteElo "2390"]
[BlackElo "2335"]
[PlyCount "86"]
[EventDate "1994.??.??"]
[EventType "tourn"]
[EventRounds "13"]
[EventCountry "SWE"]
[EventCategory "6"]
[SourceTitle "EXT 2000"]
[Source "ChessBase"]
[SourceDate "1999.11.16"]
[SourceVersion "1"]
[SourceVersionDate "1999.11.16"]
[SourceQuality "1"]

1. e4 c5 2. Nf3 d6 3. d4 cxd4 4. Nxd4 Nf6 5. Nc3 a6 6. Bd3 g6 7. f4 Bg7 8. Nf3 0-0 9. 0-0 Nc6 10. Qe1 Bg4 11. Qh4 Bxf3 12. Rxf3 e6 13. h3 d5 14. e5 Nd7 15. Qxd8 Rfxd8 16. Ne2 Nb4 17. c3 Nxd3 18. Rxd3 Nc5 19. Rd1 Rdc8 20. Be3 Na4 21. Rd2 b5 22. g4 Rab8 23. a3 a5 24. Kf2 g5 25. Bd4 Nc5 26. Kf3 Nb3 27. Rdd1 Nxa1 28. Rxa1 gxf4 29. Nxf4 b4 30. axb4 axb4 31. Ra7 bxc3 32. bxc3 Ra8 33. Rd7 Ra3 34. Nh5 Rb3 35. Nf6+ Bxf6 36. exf6 Rcb8 37. Kf4 R3b7 38. Rd6 h6 39. h4 h5 40. gxh5 Kh7 41. Ra6 Kh6 42. Ra2 Rg8 43. Ke5 Rd7 0-1

[Event "SWE-ch"]
[Site "Haparanda"]
[Date "1994.??.??"]
[Round "10"]
[White "Jonsson, Hans"]
[Black "Moberg, Karl Johan"]
[Result "1/2-1/2"]
[WhiteElo "2390"]
[BlackElo "2335"]
[PlyCount "112"]
[EventDate "1994.??.??"]
[EventType "tourn"]
[EventRounds "13"]
[EventCountry "SWE"]
[EventCategory "6"]
[SourceTitle "EXT 2000"]
[Source "ChessBase"]
[SourceDate "1999.11.16"]
[SourceVersion "1"]
[SourceVersionDate "1999.11.16"]
[SourceQuality "1"]

1. e4 e5 2. Nf3 Nc6 3. Bb5 a6 4. Ba4 Nf6 5. 0-0 Be7 6. Bxc6 dxc6 7. d3 Nd7 8. Nbd2 c5 9. Nc4 f6 10. Nh4 0-0 11. Nf5 Nb8 12. Qg4 Bxf5 13. exf5 Nc6 14. Be3 Qd7 15. Nd2 Rad8 16. Ne4 b6 17. Rfe1 Kh8 18. Qh5 Nb4 19. Rac1 Nxa2 20. Rcd1 Nb4 21. Rd2 a5 22. Qf3 Qc6 23. b3 a4 24. bxa4 Qxa4 25. g4 Qc6 26. Red1 c4 27. dxc4 Nxc2 28. Rxd8 Bxd8 29. Ng5 Qxf3 30. Nxf3 Nxe3 31. fxe3 Be7 32. Rd7 Bd6 33. Nd2 h5 34. gxh5 Kh7 35. Ne4 Kh6 36. Nxd6 cxd6 37. Rxd6 Rc8 38. Rxb6 Rxc4 39. Kg2 Rc2+ 40. Kg3 Re2 41. Rb3 Kxh5 42. h4 Re1 43. Kf2 Rh1 44. Rb7 Kh6 45. Rb4 Kh5 46. Rb7 Kg4 47. Rxg7+ Kxf5 48. Ra7 Rxh4 49. Kg3 Rh1 50. Kg2 Rb1 51. Kf3 e4+ 52. Kf2 Rb3 53. Ra8 Rb5 54. Kg3 Kg5 55. Rg8+ Kf5 56. Ra8 Rc5 1/2-1/2

[Event "Lloyds Bank op 18th"]
[Site "London"]
[Date "1994.??.??"]
[Round "5"]
[White "Jonsson, Hans"]
[Black "Ragozin, Evgeni"]
[Result "1/2-1/2"]
[WhiteElo "2390"]
[BlackElo "2510"]
[PlyCount "97"]
[EventDate "1994.08.??"]
[EventType "swiss"]
[EventRounds "10"]
[EventCountry "ENG"]
[SourceTitle "EXT 2000"]
[Source "ChessBase"]
[SourceDate "1999.11.16"]
[SourceVersion "1"]
[SourceVersionDate "1999.11.16"]
[SourceQuality "1"]

1. e4 e5 2. Nf3 Nc6 3. Bb5 Nf6 4. 0-0 Nxe4 5. d4 Nd6 6. Bxc6 dxc6 7. dxe5 Nf5 8. Qxd8+ Kxd8 9. b3 h6 10. Rd1+ Ke8 11. Bb2 a5 12. Nc3 Bb4 13. a3 Bxc3 14. Bxc3 Be6 15. Rd2 Ne7 16. Rad1 Nd5 17. Bd4 b6 18. h3 c5 19. Bb2 Ne7 20. Ne1 Nc6 21. Nd3 Ke7 22. Nf4 Rhd8 23. Rxd8 Nxd8 24. Nxe6 Nxe6 25. g3 h5 26. Kg2 a4 27. f4 g6 28. Kf3 axb3 29. cxb3 Ra5 30. Rd3 Rb5 31. Ba1 Ra5 32. Bb2 Ra8 33. Rd2 Ra5 34. Rd3 b5 35. Bc1 b4 36. axb4 cxb4 37. Be3 Nc5 38. Bxc5+ Rxc5 39. Ke4 f5+ 40. exf6+ Kxf6 41. g4 Ke6 42. Rd4 Rc3 43. Rxb4 Rxh3 44. gxh5 Rxh5 45. Rc4 Kd6 46. Rc3 Rb5 47. Rd3+ Ke6 48. Rc3 Rb4+ 49. Kf3 1/2-1/2

[Event "Lloyds Bank op 18th"]
[Site "London"]
[Date "1994.??.??"]
[Round "2"]
[White "Purkiss, William"]
[Black "Jonsson, Hans"]
[Result "0-1"]
[WhiteElo "2160"]
[BlackElo "2390"]
[PlyCount "60"]
[EventDate "1994.08.??"]
[EventType "swiss"]
[EventRounds "10"]
[EventCountry "ENG"]
[SourceTitle "EXT 2000"]
[Source "ChessBase"]
[SourceDate "1999.11.16"]
[SourceVersion "1"]
[SourceVersionDate "1999.11.16"]
[SourceQuality "1"]

1. e4 c5 2. Nf3 d6 3. d4 cxd4 4. Nxd4 Nf6 5. Nc3 Nc6 6. Bc4 Qb6 7. Nb3 e6 8. Qe2 Be7 9. f4 a6 10. Be3 Qc7 11. 0-0 b5 12. Bd3 Bb7 13. a4 b4 14. Nb1 Na5 15. Nxa5 Qxa5 16. Nd2 d5 17. e5 Ne4 18. Bxe4 dxe4 19. Bf2 Rc8 20. Nxe4 Qd5 21. Rfe1 Rc4 22. Qg4 Rxe4 23. Red1 Qxe5 24. Qf3 Qxf4 25. Qd3 0-0 26. Qd7 Re2 27. Qxb7 Qxf2+ 28. Kh1 Bf6 29. Rf1 Qh4 30. Qxa6 Be5 0-1

[Event "SWE-ch"]
[Site "Lindesberg"]
[Date "1993.??.??"]
[Round "10"]
[White "Engqvist, Thomas"]
[Black "Jonsson, Hans"]
[Result "1-0"]
[WhiteElo "2420"]
[BlackElo "2345"]
[PlyCount "105"]
[EventDate "1993.07.??"]
[EventType "tourn"]
[EventRounds "13"]
[EventCountry "SWE"]
[SourceTitle "EXT 1998"]
[Source "ChessBase"]
[SourceDate "1997.11.17"]
[SourceVersion "1"]
[SourceVersionDate "1997.11.17"]
[SourceQuality "1"]

1. d4 Nf6 2. Nf3 g6 3. c4 Bg7 4. g3 0-0 5. Bg2 d6 6. 0-0 Nc6 7. Nc3 Bf5 8. b3 e5 9. d5 Nd4 10. Ne1 Bd7 11. e3 Nf5 12. Bb2 Qc8 13. b4 a5 14. a3 b6 15. c5 axb4 16. axb4 Rxa1 17. Qxa1 bxc5 18. bxc5 dxc5 19. Nd3 c6 20. Nxe5 cxd5 21. Nxd5 Nxd5 22. Bxd5 Be6 23. Bg2 Qc7 24. Rc1 Rb8 25. Bc3 Rb3 26. Qa8+ Rb8 27. Qe4 Ne7 28. Nf3 Bxc3 29. Rxc3 Qa5 30. Rc1 Qa3 31. Qc2 c4 32. Ng5 Rb2 33. Qd1 Qd3 34. Qxd3 cxd3 35. Nxe6 fxe6 36. Rd1 d2 37. Kf1 Kg7 38. Ke2 Kf6 39. Rxd2 Rxd2+ 40. Kxd2 g5 41. Kd3 Ke5 42. Be4 h6 43. f4+ gxf4 44. gxf4+ Kf6 45. Kd4 Nc8 46. Bd3 Nd6 47. e4 Nf7 48. e5+ Ke7 49. Bg6 Nd8 50. Kc5 Kd7 51. Kb6 Kc8 52. Be8 Kb8 53. Bd7 1-0

[Event "SWE-ch"]
[Site "Lindesberg"]
[Date "1993.??.??"]
[Round "6"]
[White "Eriksson, Magnus"]
[Black "Jonsson, Hans"]
[Result "1/2-1/2"]
[WhiteElo "2365"]
[BlackElo "2345"]
[PlyCount "55"]
[EventDate "1993.07.??"]
[EventType "tourn"]
[EventRounds "13"]
[EventCountry "SWE"]
[SourceTitle "EXT 1998"]
[Source "ChessBase"]
[SourceDate "1997.11.17"]
[SourceVersion "1"]
[SourceVersionDate "1997.11.17"]
[SourceQuality "1"]

1. d4 Nf6 2. g3 g6 3. Bg2 Bg7 4. e4 d6 5. Nc3 0-0 6. Nge2 e5 7. h3 Nc6 8. Be3 exd4 9. Nxd4 Nxd4 10. Bxd4 Bd7 11. 0-0 Bc6 12. Qd2 Re8 13. Rfe1 Nd7 14. Rad1 Bxd4 15. Qxd4 Qf6 16. Qxf6 Nxf6 17. f4 Re7 18. Re2 Rae8 19. Rde1 a5 20. Kf2 Kf8 21. Bf3 Nd7 22. a3 b6 23. b4 axb4 24. axb4 Ra8 25. Re3 Ra3 26. R1e2 Re8 27. h4 h6 28. Re1 1/2-1/2

[Event "Lloyds Bank op 17th"]
[Site "London"]
[Date "1993.??.??"]
[Round "7"]
[White "Har Zvi, Ronen"]
[Black "Jonsson, Hans"]
[Result "1-0"]
[WhiteElo "2505"]
[BlackElo "2405"]
[PlyCount "69"]
[EventDate "1993.08.??"]
[EventType "swiss"]
[EventRounds "10"]
[EventCountry "ENG"]
[SourceTitle "TD"]
[Source "ChessBase"]
[SourceDate "1994.03.01"]
[SourceVersion "1"]
[SourceVersionDate "1994.03.01"]
[SourceQuality "1"]

1. e4 c5 2. Nf3 d6 3. d4 cxd4 4. Nxd4 Nf6 5. Nc3 Nc6 6. Be3 e5 7. Nf3 Be7 8. Bc4 0-0 9. 0-0 Be6 10. Qe2 Rc8 11. Bb3 Na5 12. Rfd1 Bc4 13. Qe1 Qc7 14. Bg5 Rfd8 15. Bxc4 Nxc4 16. Bxf6 Bxf6 17. Nd5 Qa5 18. b4 Qa4 19. Qe2 Kh8 20. Nxf6 gxf6 21. Nh4 Qd7 22. Qh5 Rg8 23. Qh6 Qe6 24. Rd3 f5 25. Nxf5 Qxh6 26. Nxh6 Rg6 27. Nf5 Re6 28. Rc3 Ree8 29. Rxc4 Rxc4 30. Nxd6 Rec8 31. Nxf7+ Kg7 32. Nd6 Rxc2 33. Nxc8 Rxc8 34. f3 Rc2 35. Rd1 1-0

[Event "SWE-ch"]
[Site "Lindesberg"]
[Date "1993.??.??"]
[Round "7"]
[White "Jonsson, Hans"]
[Black "Karlsson, Lars"]
[Result "1/2-1/2"]
[WhiteElo "2345"]
[BlackElo "2505"]
[PlyCount "107"]
[EventDate "1993.07.??"]
[EventType "tourn"]
[EventRounds "13"]
[EventCountry "SWE"]
[SourceTitle "EXT 1998"]
[Source "ChessBase"]
[SourceDate "1997.11.17"]
[SourceVersion "1"]
[SourceVersionDate "1997.11.17"]
[SourceQuality "1"]

1. e4 e6 2. d4 d5 3. Nc3 Nc6 4. Nf3 Nf6 5. e5 Ne4 6. Bd3 Bb4 7. Bd2 Nxd2 8. Qxd2 f6 9. a3 Bxc3 10. Qxc3 fxe5 11. Nxe5 Nxe5 12. dxe5 0-0 13. 0-0 b6 14. b4 Bb7 15. f4 Qe7 16. Rab1 g6 17. Rf2 Rac8 18. a4 c5 19. a5 Qc7 20. bxc5 bxc5 21. Qa3 Ba8 22. c3 Rb8 23. Rxb8 Rxb8 24. Rb2 Rf8 25. Rf2 Kg7 26. Bf1 Rd8 27. Qa2 Qc6 28. Qd2 Rb8 29. h4 d4 30. h5 Qe4 31. cxd4 Qxd4 32. Qxd4 cxd4 33. Bc4 Rc8 34. Bxe6 Rc1+ 35. Kh2 Be4 36. Bg4 d3 37. Kg3 Ra1 38. hxg6 hxg6 39. Bf3 Bf5 40. Kh2 Rxa5 41. Rb2 Ra4 42. g4 Be6 43. Kg3 a5 44. Rb6 Kf7 45. f5 gxf5 46. gxf5 Bxf5 47. Rf6+ Ke7 48. Rxf5 Rb4 49. Rf6 a4 50. Ra6 d2 51. Rd6 a3 52. Rxd2 Ke6 53. Re2 a2 54. Rxa2 1/2-1/2

[Event "SWE-chT 9394"]
[Site "Sweden"]
[Date "1993.??.??"]
[Round "2"]
[White "Jonsson, Hans"]
[Black "Kretz, Johan"]
[Result "1-0"]
[WhiteElo "2340"]
[BlackElo "2195"]
[PlyCount "79"]
[EventDate "1993.??.??"]
[EventType "team"]
[EventRounds "9"]
[EventCountry "SWE"]
[SourceTitle "EXT 2000"]
[Source "ChessBase"]
[SourceDate "1999.11.16"]
[SourceVersion "1"]
[SourceVersionDate "1999.11.16"]
[SourceQuality "1"]

1. e4 e6 2. d4 d5 3. Nc3 Bb4 4. e5 c5 5. a3 Ba5 6. b4 cxd4 7. Nb5 Bc7 8. f4 Ne7 9. Nf3 Bd7 10. Nbxd4 Nbc6 11. Bd3 a6 12. Be3 Bb6 13. Qe2 Nxd4 14. Nxd4 Ba4 15. 0-0 Rc8 16. Qf2 Bxd4 17. Bxd4 Bb5 18. Bc5 Nf5 19. g4 Nh6 20. h3 Bxd3 21. cxd3 Rg8 22. Rac1 f5 23. Bb6 Qd7 24. g5 Nf7 25. Qe3 Nd8 26. Rxc8 Qxc8 27. Rc1 Nc6 28. a4 Qa8 29. b5 axb5 30. axb5 Ne7 31. Bc5 Qa5 32. Bxe7 Kxe7 33. g6 Qxb5 34. gxh7 Rh8 35. Rc7+ Kd8 36. Rxg7 Qb1+ 37. Kg2 Qc2+ 38. Qf2 Qxd3 39. Qb6+ Ke8 40. Qxe6+ 1-0

[Event "Baden-Baden op"]
[Site "Baden-Baden"]
[Date "1993.??.??"]
[Round "3"]
[White "Jonsson, Hans"]
[Black "Zuse, Peter"]
[Result "1-0"]
[WhiteElo "2345"]
[BlackElo "2260"]
[PlyCount "47"]
[EventDate "1993.08.??"]
[EventType "swiss"]
[EventRounds "9"]
[EventCountry "GER"]
[SourceTitle "TD"]
[Source "ChessBase"]
[SourceDate "1994.03.01"]
[SourceVersion "1"]
[SourceVersionDate "1994.03.01"]
[SourceQuality "1"]

1. e4 c5 2. Nf3 d6 3. d4 cxd4 4. Nxd4 Nf6 5. Nc3 a6 6. Bd3 Nc6 7. Nxc6 bxc6 8. 0-0 g6 9. f4 Bg7 10. Qe2 0-0 11. Kh1 a5 12. Bd2 a4 13. Rae1 Nd7 14. Nd1 e5 15. f5 Nc5 16. Ne3 Rb8 17. Bc1 d5 18. Rd1 dxe4 19. Bxe4 Ba6 20. c4 Qc7 21. Ng4 Rb4 22. f6 Bxc4 23. fxg7 Kxg7 24. Qd2 1-0

[Event "Baden-Baden op"]
[Site "Baden-Baden"]
[Date "1993.??.??"]
[Round "6"]
[White "Krasenkow, Michal"]
[Black "Jonsson, Hans"]
[Result "0-1"]
[WhiteElo "2595"]
[BlackElo "2345"]
[PlyCount "60"]
[EventDate "1993.08.??"]
[EventType "swiss"]
[EventRounds "9"]
[EventCountry "GER"]
[SourceTitle "TD"]
[Source "ChessBase"]
[SourceDate "1994.03.01"]
[SourceVersion "1"]
[SourceVersionDate "1994.03.01"]
[SourceQuality "1"]

1. d4 Nf6 2. c4 g6 3. Nc3 Bg7 4. e4 d6 5. Nf3 0-0 6. h3 e5 7. d5 a5 8. Bg5 Na6 9. Nd2 h6 10. Be3 Nh7 11. g4 f5 12. gxf5 gxf5 13. exf5 Bxf5 14. Qh5 Qe8 15. Qh4 Qg6 16. Be2 Nb4 17. Nde4 Bxe4 18. Qxe4 Qxe4 19. Nxe4 Nc2+ 20. Kd2 Nxa1 21. Rxa1 Nf6 22. Ng3 c6 23. Rg1 cxd5 24. cxd5 Kh8 25. Bf3 e4 26. Nf5 exf3 27. Nxg7 Kh7 28. Bd4 Nxd5 29. Re1 Rg8 30. Nf5 Rae8 0-1

[Event "Baden-Baden op"]
[Site "Baden-Baden"]
[Date "1993.??.??"]
[Round "8"]
[White "Schlosser, Philipp"]
[Black "Jonsson, Hans"]
[Result "1-0"]
[WhiteElo "2550"]
[BlackElo "2345"]
[PlyCount "77"]
[EventDate "1993.08.??"]
[EventType "swiss"]
[EventRounds "9"]
[EventCountry "GER"]
[SourceTitle "TD"]
[Source "ChessBase"]
[SourceDate "1994.03.01"]
[SourceVersion "1"]
[SourceVersionDate "1994.03.01"]
[SourceQuality "1"]

1. c4 Nf6 2. Nc3 g6 3. g3 Bg7 4. Bg2 0-0 5. e4 e5 6. Nge2 d6 7. d3 Nc6 8. 0-0 Nd4 9. Nxd4 exd4 10. Ne2 c5 11. Rb1 a5 12. b3 Rb8 13. a4 b6 14. h3 Nd7 15. f4 Bb7 16. g4 Qe7 17. Ng3 f6 18. Rb2 Kf7 19. h4 Ke8 20. g5 Kd8 21. Bh3 Kc7 22. Rh2 Rbe8 23. Bd2 Bc8 24. Rff2 Rh8 25. Qf3 h6 26. gxf6 Nxf6 27. Bxc8 Rxc8 28. h5 Qd7 29. hxg6 Ng4 30. Nh5 Rcf8 31. Nxg7 Nxh2 32. Kxh2 Qxg7 33. f5 Qf6 34. Qh5 Kd7 35. Kg3 Rfg8 36. Rh2 Qe5+ 37. Bf4 Qf6 38. Kf3 Ke7 39. Bxh6 1-0